000
00319nam a22001337a 4500
003
OSt
005
20220729214427.0
008
220729b ||||| |||| 00| 0 eng d
040
_c
AACR 2
082
_a
621.381 DAR
100
_a
Darshan
_9
13240
245
_a
Border security system using RFID and GSM
942
_2
ddc
_c
PR
999
_c
189708
_d
189708